Harry Potter - Statistiken

Allgemein
  • Dieses Quiz wurde 192 mal gespielt
  • Das Durchschnittsergebnis liegt bei 6 aus 10
Antwortstatistiken
Hint Antwort % Korrekt
W Wormtail
86%
F Filius Flitwick
85%
H Harry Potter
72%
H Hermione Granger
70%
L Lord Voldemort
68%
D Dudley Dursley
66%
L Lucius Malfoy
61%
D Dolores Umbridge
54%
A Alastor Moody
48%
A Albus Dumbledore
29%
Keine übereinstimmenden Quizze gefunden
Verteilung der Resultate
Anzahl Personen mit jedem Resultat
Perzentil nach korrekt beantworteten Fragen
Ihre Resultats-Entwicklung
Sie haben dieses Quiz noch nicht gespielt